| 000 | 00344nam a2200121Ia 4500 | ||
|---|---|---|---|
| 999 |
_c18008 _d18008 |
||
| 082 | _aRR 951.00222 PIC; | ||
| 245 | 0 | _aPictorial history of the republic of China: its founding and develoment | |
| 260 |
_aTaipei _bModern China Press _c1981 |
||
| 300 | _a577p.: pictures | ||
| 650 | _aChina - History | ||
| 650 | _aHieroglyphics | ||
| 942 |
_cBK _2ddc |
||